Give credit where it's due- architects' unease over accreditation scheme (Record no. 74085)

MARC details
000 -LEADER
fixed length control field 00941cab a2200229 4500
001 - CONTROL NUMBER
control field ABS67406
008 - FIXED-LENGTH DATA ELEMENTS--GENERAL INFORMATION
fixed length control field 040128n2003 000 0 eng u
035 ## - SYSTEM CONTROL NUMBER
System control number (Sirsi) u124944
100 ## - MAIN ENTRY--PERSONAL NAME
Personal name Stocker, A.
245 ## - TITLE STATEMENT
Title Give credit where it's due- architects' unease over accreditation scheme
260 ## - PUBLICATION, DISTRIBUTION, ETC.
Date of publication, distribution, etc. 2003
490 ## - SERIES STATEMENT
Series statement Church Building
Volume/sequential designation (84) November/December 2003, 55(1)
520 ## - SUMMARY, ETC.
Summary, etc. Looks at recent issues concerning the accreditation scheme of architects involved with building conservation, known as ACCON, a registered company trading as the AABC Register. Particularly debates whether ecclesiastical architects should join the scheme.
590 ## - LOCAL NOTE (RLIN)
Local note ABS
650 ## - SUBJECT ADDED ENTRY--TOPICAL TERM
Topical term or geographic name entry element ACCREDITATION SCHEMES
650 ## - SUBJECT ADDED ENTRY--TOPICAL TERM
Topical term or geographic name entry element ARCHITECTS
650 ## - SUBJECT ADDED ENTRY--TOPICAL TERM
Topical term or geographic name entry element ECCLESIASTICAL PROPERTY
650 ## - SUBJECT ADDED ENTRY--TOPICAL TERM
Topical term or geographic name entry element CHURCH BUILDINGS
650 ## - SUBJECT ADDED ENTRY--TOPICAL TERM
Topical term or geographic name entry element AABC REGISTER
690 ## - LOCAL SUBJECT ADDED ENTRY--TOPICAL TERM (OCLC, RLIN)
Topical term or geographic name as entry element BUILT ENVIRONMENT-BUILDING MAINTENANCE AND REFURBISHMENT-BUILDING CONSERVATION
942 ## - ADDED ENTRY ELEMENTS (KOHA)
Suppress in OPAC 0
Holdings
Withdrawn status Lost status Source of classification or shelving scheme Damaged status Not for loan Home library Current library Shelving location Date acquired Total Checkouts Full call number Barcode Date last seen Copy number Price effective from Koha item type
    Dewey Decimal Classification     London London Journal article 28/01/2004   ABS67406 124944-1001 06/08/2019 1 06/08/2019 Journal article